Cyclisme : Top 20 du GP de Montréal 2025 - Statistiques

Statistiques générales
  • Ce quiz a été pris 36 fois
  • Le résultat moyen est 10 sur 20
Statistiques - réponses
Position Equipe Coureur % Correct
2eme UAE Team Emirates Tadej Pogacar
100%
1er UAE Team Emirates Brandon McNulty
83%
17eme Lidl Trek Mattias Skjelmose
66%
3eme Lidl Trek Quinn Simmons
66%
6eme Intermarché Wanty Louis Barré
62%
15eme Groupama FDJ Valentin Madouas
59%
5eme UAE Team Emirates Adam Yates
55%
19eme Picnic PostNL Oscar Onley
55%
8eme Cofidis Alex Aranburu
48%
4eme EF Education Easypost Neilson Powless
48%
7eme Visma Lease a Bike Tiesj Benoot
48%
10eme XDS Astana Alberto Bettiol
45%
11eme UAE Team Emirates Jhonatan Narvaez
45%
20eme UAE Team Emirates Pavel Sivakov
45%
13eme Cofidis Ion Izagirre
38%
9eme Israel Premier Tech Corbin Strong
34%
16eme Arkea B&B Hotels Ewen Costiou
31%
18eme EF Education Easypost Alex Baudin
21%
14eme Jayco AlUla Filippo Zana
21%
12eme Alpecin Deceuninck Quinten Hermans
21%
Aucun quiz correspondant
Distribution des résultats
% des personnes avec chaque résultat
Percentile par nombre de réponses
Votre historique - résultats
Vous n’avez pas pris ce quiz